El Milagro cotidiano: las cargas del doble trabajo /
Análisis de la situación de la mujer trabajadora y de su papel en el sostenimiento de la familia. Para ello se entrevistó a una mujer trabajadora que siempre ha velado por el sustento de la familia y, a la vez, se la compara con otra mujer, que nunca ha salido de su casa en Acosta. Al final, se res...
Kaydedildi:
| Yazar: | |
|---|---|
| Materyal Türü: | Metin |
| Konular: | |
| Etiketler: |
Etiketle
Etiket eklenmemiş, İlk siz ekleyin!
|
MARC
| LEADER | 00000 a a2200000 04500 | ||
|---|---|---|---|
| 001 | 1726 | ||
| 003 | |||
| 040 | |||
| 100 | |a Soley, Rosa María | ||
| 245 | |a El Milagro cotidiano: |b las cargas del doble trabajo / |c Rosa María Soley | ||
| 520 | |a Análisis de la situación de la mujer trabajadora y de su papel en el sostenimiento de la familia. Para ello se entrevistó a una mujer trabajadora que siempre ha velado por el sustento de la familia |a y, a la vez, se la compara con otra mujer, que nunca ha salido de su casa en Acosta. Al final, se resaltan las diferencias entre una y otra y el papel que cada cual juega dentro de su familia. OB/eb | ||
| 650 | |a MUJERES | ||
| 650 | |a DOBLE EMPLEO | ||
| 650 | |a CONDICIONES ECONOMICAS | ||
| 650 | |a CONDICIONES DE VIDA | ||
| 650 | |a SALARIOS | ||
| 650 | |a PRECIOS | ||
| 650 | |a EDUCACION | ||
| 650 | |a INGRESO | ||
| 773 | |g número 43; páginas 26-27 | ||
| 999 | |c 26128 |d 26128 | ||
